இளங்கையின் இனப்பிரச்சினையும் பலவந்தமாக வெளியேற்றப்பட்ட வடமாகாண முஸ்லிம்களும்: (Record no. 2867)
[ view plain ]
| 000 -LEADER | |
|---|---|
| fixed length control field | 011830000a22002290004500 |
| 003 - CONTROL NUMBER IDENTIFIER | |
| control field | LK-CoMWRAF |
| 005 - DATE AND TIME OF LATEST TRANSACTION | |
| control field | 20240315102255.0 |
| 008 - FIXED-LENGTH DATA ELEMENTS--GENERAL INFORMATION | |
| fixed length control field | 230817t1997 ||||| |||| 00| 0 eng d |
| 020 ## - INTERNATIONAL STANDARD BOOK NUMBER | |
| International Standard Book Number | 9559445030 |
| 040 ## - CATALOGING SOURCE | |
| Original cataloging agency | LK-CoMWRAF |
| Modifying agency | LK-CoMWRAF |
| Description conventions | LK-CoMWRAF |
| 041 ## - LANGUAGE CODE | |
| Language code of text/sound track or separate title | Tamil |
| 082 ## - DEWEY DECIMAL CLASSIFICATION NUMBER | |
| Classification number | 305.8 |
| Item number | HAS |
| 942 ## - ADDED ENTRY ELEMENTS (KOHA) | |
| Koha item type | Books |
| 100 ## - MAIN ENTRY--PERSONAL NAME | |
| Personal name | ஹஸ்புல்லா, எஸ்.எச் |
| Personal name (Transliterated) | Hasbullah, S.H |
| 245 ## - TITLE STATEMENT | |
| Title | இளங்கையின் இனப்பிரச்சினையும் பலவந்தமாக வெளியேற்றப்பட்ட வடமாகாண முஸ்லிம்களும்: |
| Remainder of title | தொகுதி 3-முல்லைத்தீவு முஸ்லிம்கள் |
| 246 ## - VARYING FORM OF TITLE | |
| Title proper/short title | Iḷaṅkaiyiṉ iṉappiracciṉaiyum palavantamāka veḷiyēṟṟappaṭṭa vaṭamākāṉa muslimkaḷum: Tokuti 3-:Mullaittīvu muslimkaḷ |
| 246 ## - VARYING FORM OF TITLE | |
| Title proper/short title | Ethnic conflict in Sri Lanka and forcibly evicted Muslims of the Northern province |
| 260 ## - PUBLICATION, DISTRIBUTION, ETC. (IMPRINT) | |
| Place of publication, distribution, etc. | Colombo: |
| Name of publisher, distributor, etc. | Northern Muslims' rights organization, |
| Date of publication, distribution, etc. | 1997 |
| 300 ## - PHYSICAL DESCRIPTION | |
| Extent | 183 p. |
| Other physical details | Reference included |
| 650 ## - SUBJECT ADDED ENTRY--TOPICAL TERM | |
| Topical term or geographic name as entry element | ETHNIC CONFLICT-Sri Lanka |
| 650 ## - SUBJECT ADDED ENTRY--TOPICAL TERM | |
| Topical term or geographic name as entry element | Muslims-Northern province-Sri Lanka |
| Withdrawn status | Lost status | Damaged status | Not for loan | Permanent Location | Current Location | Date acquired | Full call number | Barcode | Koha item type |
|---|---|---|---|---|---|---|---|---|---|
| Resource center, Muslim Women's Research And Action Forum | Resource center, Muslim Women's Research And Action Forum | 2023-08-17 | 305.8 HAS | RAF5028 | Books | ||||
| Resource center, Muslim Women's Research And Action Forum | Resource center, Muslim Women's Research And Action Forum | 2024-03-15 | 305.8 HAS | RAF5202 | Books | ||||
| Resource center, Muslim Women's Research And Action Forum | Resource center, Muslim Women's Research And Action Forum | 2024-03-15 | 305.8 HAS | RAF5203 | Books |

